000 00976nac a22003137a 4500
001 BR8300728
003 BR-BrBNA
005 20240105115621.0
008 230509b bl.|||m| |||| 00| 0 por d
040 _aBR-BrBNA
_bpor
_cBiblioteca Nacional de Agricultura
072 _aE30; E70; E10
090 _aE30 BR8300728
110 1 _aCooperativa Agricola de Cotia, Sao Paulo, SP (Brasil)
_92775
245 1 _aRelatorio dos Servicos Sociais de 1982 [Cooperativa Agricola de Cotia, Sao Paulo, Brasil]
260 3 _aSao Paulo, SP (Brasil):
_c1983.
300 _a24 p.
490 _aRelatorio - Cooperativa Agricola de Cotia (Brazil)
_v
_x
650 _aDESENVOLVIMENTO AGRICOLA
650 _aCOOPERATIVA
650 _aCOMERCIO EXTERIOR
650 _aINSUMO
650 _aASSISTENCIA TECNICA
650 _aINVESTIMENTO
650 _aDESPESA
650 _aRECEITA
650 _aSAO PAULO
909 _a202312
_bLúcia Elande
_c55
_dLúcia Elande
942 _2AGRIS
_n0
_cMS
999 _c275584
_d275584